| Tag |
First Indicator |
Second Indicator |
Subfields |
| LEADER |
00000cam a2200000 a 4500 |
| 001 |
in00000016520 |
| 005 |
20151007052807.0 |
| 008 |
870805s1987 enkbj 00110ceng d |
| 010 |
|
|
|a gb 87028780
|z 87-50540
|
| 015 |
|
|
|a GB87-28780
|
| 020 |
|
|
|a 0670811882 :
|c £10.95
|
| 035 |
|
|
|a (OCoLC)16085617
|
| 035 |
|
|
|9 AAA9210AM
|
| 040 |
|
|
|a UKM
|c UKM
|d UtOrBLW
|
| 049 |
|
|
|a TXAM
|c [A12609126]
|
| 050 |
1 |
0 |
|a BS571
|
| 050 |
|
4 |
|a BS571
|b .C34 1987
|
| 082 |
0 |
|
|a 220.9/2
|2 19
|
| 100 |
1 |
|
|a Calvocoressi, Peter.
|
| 245 |
1 |
0 |
|a Who's who in the Bible /
|c Peter Calvocoressi.
|
| 264 |
|
1 |
|a London ;
|a New York :
|b Viking,
|c 1987.
|
| 300 |
|
|
|a xxxi, 269 pages :
|b maps, genealogical tables ;
|c 22 cm.
|
| 336 |
|
|
|a text
|b txt
|2 rdacontent
|
| 337 |
|
|
|a unmediated
|b n
|2 rdamedia
|
| 338 |
|
|
|a volume
|b nc
|2 rdacarrier
|
| 500 |
|
|
|a Includes index.
|
| 630 |
0 |
0 |
|a Bible
|v Biography.
|
| 999 |
|
|
|a MARS
|
| 999 |
f |
f |
|s 223142c7-a35d-30f1-8fc2-4df2b8f0a16c
|i 4952fc7d-68f6-308d-a9b3-c6fa48c4eefa
|t 0
|
| 952 |
f |
f |
|p ric
|a Texas A&M University
|b Rellis Campus
|c Joint Library Facility
|d Remote Storage
|t 0
|e BS571 .C34 1987
|h Library of Congress classification
|i unmediated -- volume
|m A14812609126
|
| 998 |
f |
f |
|a BS571 .C34 1987
|t 0
|l Remote Storage
|